| 000 | 00363nam a2200145Ia 4500 | ||
|---|---|---|---|
| 008 | 210210b1990 xxu||||| |||| 00| 0 eng d | ||
| 082 | _a364.151 MITW | ||
| 100 | _aMITAL (Nemisharan). | ||
| 245 | _aWorld-famous genocides. Ed 1. | ||
| 250 | _a | ||
| 260 |
_aNew Delhi. _bFamily Books Pvt Ltd., _c1990 |
||
| 300 | _a128 | ||
| 690 | _aCriminology | ||
| 906 | _a045557 | ||
| 999 |
_c95046 _d95046 |
||